| 000 | 00561nam a2200181Ia 4500 | ||
|---|---|---|---|
| 001 | 14324 | ||
| 005 | 20260306164906.0 | ||
| 008 | 260306t1969||||xx |||||||||||||| ||spa|| | ||
| 041 | _aESP | ||
| 082 |
_a511.3 _bL512 |
||
| 100 |
_aLadriére, Jean _eAUT |
||
| 245 | 0 |
_aLimitaciones internas de los formalismos: _bestudios sobre la significaciòn del teorema de Godel y teorema conexos en la teorìa de los fundamentos de las matemáticas |
|
| 260 | _c1969 | ||
| 300 |
_a545 páginas : _c23 cm. |
||
| 650 | _aGEN | ||
| 654 | _aCMA | ||
| 942 |
_cLIB _dJUS _fJUS _2ddc _n |
||
| 999 |
_c14324 _d14324 |
||